Datum a čas kvízu
31.5
Celkem bodů
Celkový počet nahraných bodů na tomto kvízu bez doplňovacích otázek.
9.
Pořadí na kvízu
Konečné umístění týmu na tomto kvízu.
Zaznamenané odpovědi
| # | Otázka | Odpověď | Body | Výsledky |
|---|---|---|---|---|
| 1. | Ve vládě premiéra Petra Fialy... | Helena Langšádlová | 1 | |
| 2. | Posádka tureckých nízkonáklado... | Britové | 1 | |
| 3. | Při sobotním jednodenním festi... | Pořadatel přestal vracet zálohy za kelímky. | 1 | |
| 4. | Mobilní síť jednoho českého op... | Vodafone | 1 | |
| 5. | Jak se jmenuje muž, který byl... | Libor Zábranský | 0 | |
| 6. | Sugo all'amatriciana patří mez... | guanciale; pecorino | 1 | |
| 7. | Napište zakrytou značku zobraz... | Kikkoman | 1 | |
| 8. | Když se řekne omáčka, určitě s... | 15 | 0 | |
| 9. | Město Worcester dalo jméno jed... | C; čertovo lejno | 0 | |
| 10. | Jak se označuje tato jednoduch... | velouté | 0 |